| 000 | 01076naa a22002897a 4500 | ||
|---|---|---|---|
| 001 | BR6100363 | ||
| 003 | BR-BrBNA | ||
| 005 | 20240918173234.0 | ||
| 007 | ta | ||
| 008 | 230509b bl.||||| |||| 00| 0 por d | ||
| 040 |
_aBR-BrBNA _bpor _cBiblioteca Nacional de Agricultura |
||
| 041 | _a(Pt) | ||
| 072 |
_aK10 _b3240 _bG302 |
||
| 090 | _aK10 BR6100363 | ||
| 100 | 1 | _aPinheiro, J.V. | |
| 111 | 1 |
_a2. Congresso Mundial do Eucalipto _cSao Paulo, SP (Brazil) _d13-28 Aug 1961 |
|
| 245 | 1 | _aOperacoes silviculturais - Rotacoes - Producoes - Objetivos das plantacoes (America Latina)[eucalipto] | |
| 260 | 3 |
_aRome (Italy): _c1961. |
|
| 500 | _a2. Conferencia Mundial do Eucalipto. Relatorio e documentos. v. 1 Rome (Italy): 1961. p. 667-673 (BR6100363-AM)K10 | ||
| 650 | _aEUCALIPTO | ||
| 650 | _aROTACAO DE CULTURA | ||
| 650 | _aSILVICULTURA | ||
| 650 | _aPRODUCAO VEGETAL | ||
| 773 | 0 |
_t2. Conferencia Mundial do Eucalipto. Relatorio e documentos. v. 1 _wK10 BR6100363 _gRome (Italy), 1961. p. 667-673 |
|
| 909 |
_a202404 _bLucia _c55 _dLucia Elande |
||
| 942 |
_cAM _2AGRIS |
||
| 999 |
_c303527 _d303527 |
||